000 00597cab a2200205 4500
001 WB2836-53
008 090401t1992 xxu||||| |||| 00| 0 eng d
035 _a(Sirsi) u12761
041 _aeng
245 _aCut throat deals
260 _c1992
350 _a0
490 _aEstates Times
_v(1158) 11 September 1992, 8(1)
520 _aSurveying firms are tendering for asset valuation work at a loss according to Herring Baker Harris.
650 _aASSET VALUATIONS
650 _aFEES
690 _aMANAGEMENT-BUSINESS MANAGEMENT-PROFESSIONAL PRACTICE
942 _n0
948 _c04/03/1997
999 _c8175
_d8175